[Event "Ekaterinburg Scerbin Memorial"]
[White "Drygalov, Sergey"]
[Black "Zasukhin, Vadim Borisovich"]
[Site "Ekaterinburg"]
[Round "3"]
[Result "1-0"]
[Date "2021.12.18"]
[WhiteElo "2517"]
[BlackElo "2284"]
[PlyCount "167"]
[EventDate "2021.12.18"]
[EventType "swiss (rapid)"]
[EventRounds "9"]
[EventCountry "RUS"]
[SourceTitle "CBM 205 Extra"]
[Source "ChessBase"]
[SourceDate "2022.01.31"]
[SourceVersion "1"]
[SourceVersionDate "2022.01.31"]
[SourceQuality "1"]

1. d4 d6 2. Nf3 Bg4 3. c4 Nf6 4. Nc3 c6 5. g3 Bxf3 6. exf3 d5 7. Be3 e6 8. Be2 Nbd7 9. 0-0 dxc4 10. Bxc4 Be7 11. f4 g6 12. Qf3 Nb6 13. Bb3 h5 14. Rfe1 Nbd5 15. Rad1 Qd7 16. Bd2 0-0-0 17. h3 Kb8 18. Na4 Nb6 19. Ba5 Nfd5 20. Bxd5 Qxd5 21. Qxd5 Rxd5 22. Bxb6 axb6 23. Nxb6 Rb5 24. Nc4 Rd8 25. b3 Bf6 26. Ne5 Bxe5 27. dxe5 Rbd5 28. Rxd5 Rxd5 29. Re2 Kc7 30. Kg2 Rd3 31. Rc2 b5 32. Kf1 Rd1+ 33. Ke2 Rh1 34. h4 Ra1 35. Kd3 Kb6 36. b4 Rd1+ 37. Rd2 Rb1 38. Kc3 Kc7 39. a3 Ra1 40. Kb3 Rb1+ 41. Ka2 Rf1 42. Kb2 Re1 43. Kb3 Rb1+ 44. Rb2 Ra1 45. Ra2 Rb1+ 46. Kc2 Rf1 47. Kd3 Rd1+ 48. Ke2 Rb1 49. Kf3 Kb6 50. Ke4 Re1+ 51. Kd3 Rb1 52. Rc2 Rb3+ 53. Rc3 Rb2 54. Ke3 Rb1 55. f5 exf5 56. Kf4 Re1 57. f3 Re2 58. Rd3 Kc7 59. Re3 Rg2 60. e6 fxe6 61. Rxe6 Ra2 62. Re3 Rg2 63. Re7+ Kb6 64. Rd7 Ra2 65. Rd3 Rg2 66. Re3 Kc7 67. Re6 Ra2 68. Rxg6 Rxa3 69. Rg7+ Kd6 70. Rg8 Rb3 71. Rd8+ Ke7 72. Rh8 Ke6 73. Rh6+ Kd5 74. Rxh5 Rxb4+ 75. Kxf5 Rb1 76. Rh8 b4 77. g4 b3 78. g5 c5 79. Rb8 c4 80. g6 Rg1 81. h5 Rg3 82. h6 c3 83. h7 Rh3 84. g7 1-0

[Event "Urals-ch 78th"]
[White "Iljiushenok, Ilia"]
[Black "Zasukhin, Vadim Borisovich"]
[Site "Cheliabinsk"]
[Round "4"]
[Result "1-0"]
[Date "2020.09.30"]
[WhiteElo "2516"]
[BlackElo "2274"]
[PlyCount "63"]
[EventDate "2020.09.27"]
[EventType "swiss"]
[EventRounds "9"]
[EventCountry "RUS"]
[SourceTitle "CBM 198 Extra"]
[Source "ChessBase"]
[SourceDate "2020.11.30"]
[SourceVersion "1"]
[SourceVersionDate "2020.11.30"]
[SourceQuality "1"]

1. e4 d6 2. d4 Nf6 3. Nc3 g6 4. g3 Bg7 5. Bg2 0-0 6. Nge2 c6 7. a4 a5 8. 0-0 e5 9. h3 Na6 10. Be3 Re8 11. g4 exd4 12. Bxd4 Nb4 13. f4 d5 14. e5 Nd7 15. Qd2 f6 16. exf6 Nxf6 17. Rad1 h5 18. g5 Nh7 19. Bxg7 Kxg7 20. Nd4 Bd7 21. h4 Qb6 22. Kh1 Bg4 23. Rde1 Rxe1 24. Rxe1 Rf8 25. Re7+ Rf7 26. Qe3 Kg8 27. f5 c5 28. Rxf7 Kxf7 29. Nxd5 Qd6 30. fxg6+ Kg7 31. gxh7 Nxd5 32. Qe8 1-0

[Event "EU-ch Online U2300 Qual"]
[White "Bazakutsa, Svyatoslav"]
[Black "Zasukhin, Vadim Borisovich"]
[Site "Chess.com INT"]
[Round "4"]
[Result "1-0"]
[Date "2020.05.25"]
[WhiteElo "1966"]
[BlackElo "2274"]
[PlyCount "43"]
[EventDate "2020.05.25"]
[EventType "swiss"]
[EventRounds "8"]
[EventCountry "NET"]
[SourceTitle "EXT 2021"]
[Source "ChessBase"]
[SourceDate "2020.10.23"]
[SourceVersion "1"]
[SourceVersionDate "2020.10.23"]
[SourceQuality "1"]

1. c4 e5 2. g3 f5 3. d4 exd4 4. Nf3 c5 5. e3 dxe3 6. Bxe3 Nf6 7. Nc3 Be7 8. Bg2 0-0 9. 0-0 Nc6 10. Re1 d6 11. Qc2 Re8 12. Rad1 Qb6 13. a3 a6 14. b4 Qc7 15. Nd5 Nxd5 16. cxd5 Na7 17. bxc5 dxc5 18. Bxc5 b6 19. Rxe7 Rxe7 20. d6 Qxc5 21. Qxc5 bxc5 22. dxe7 1-0

[Event "EU-ch Online U2300 Qual"]
[White "Dorokhin, Mykhailo"]
[Black "Zasukhin, Vadim Borisovich"]
[Site "Chess.com INT"]
[Round "2"]
[Result "0-1"]
[Date "2020.05.25"]
[WhiteElo "2299"]
[BlackElo "2274"]
[PlyCount "103"]
[EventDate "2020.05.25"]
[EventType "swiss"]
[EventRounds "8"]
[EventCountry "NET"]
[SourceTitle "EXT 2021"]
[Source "ChessBase"]
[SourceDate "2020.10.23"]
[SourceVersion "1"]
[SourceVersionDate "2020.10.23"]
[SourceQuality "1"]

1. e4 c5 2. Nc3 a6 3. g3 b5 4. Bg2 Bb7 5. d3 e6 6. f4 Nf6 7. Nf3 d5 8. e5 Nfd7 9. 0-0 Nc6 10. Ne2 d4 11. g4 h5 12. h3 hxg4 13. hxg4 Be7 14. Ng3 Qb6 15. Qe2 0-0-0 16. Bd2 Kb8 17. a4 Rdg8 18. axb5 axb5 19. Ne4 Nb4 20. Bxb4 cxb4 21. Kf2 f6 22. Rh1 fxe5 23. Nxe5 Nxe5 24. fxe5 Qc7 25. Nd6 Bxg2 26. Kxg2 Rxh1 27. Rxh1 Bxd6 28. exd6 Qxd6 29. Rh5 Ka7 30. Re5 Rc8 31. Rxe6 Rxc2 32. Qxc2 Qxe6 33. Qc5+ Qb6 34. Qxb4 Qc6+ 35. Kg3 Qc7+ 36. Kh3 Qe5 37. Qb3 Kb6 38. Kh4 Qf6+ 39. g5 Qf5 40. Qg8 g6 41. Qd8+ Kc5 42. Qf6 Qxd3 43. Qe7+ Kc4 44. Qe6+ Kb4 45. Qd6+ Kb3 46. Qa3+ Kc2 47. Qb4 Qe4+ 48. Kg3 Qe5+ 49. Kf3 d3 50. Qh4 Kxb2 51. Qf2+ Qe2+ 52. Qxe2+ 0-1

[Event "EU-ch Online U2300 Qual"]
[White "Zasukhin, Vadim Borisovich"]
[Black "Bounlom, Jannik"]
[Site "Chess.com INT"]
[Round "5"]
[Result "1-0"]
[Date "2020.05.25"]
[WhiteElo "2274"]
[BlackElo "2102"]
[PlyCount "47"]
[EventDate "2020.05.25"]
[EventType "swiss"]
[EventRounds "8"]
[EventCountry "NET"]
[SourceTitle "EXT 2021"]
[Source "ChessBase"]
[SourceDate "2020.10.23"]
[SourceVersion "1"]
[SourceVersionDate "2020.10.23"]
[SourceQuality "1"]

1. e4 c5 2. Nc3 d6 3. f4 Nc6 4. Nf3 g6 5. Bc4 Bg7 6. d3 e6 7. 0-0 Nge7 8. Bd2 a6 9. a4 0-0 10. Qe1 Nd4 11. Rc1 Nec6 12. Nxd4 Nxd4 13. Kh1 Bd7 14. Ne2 Nxe2 15. Qxe2 Bxa4 16. f5 exf5 17. exf5 d5 18. f6 Bxf6 19. Bxd5 Bxb2 20. Rb1 Qxd5 21. Rxb2 Bc6 22. Bh6 Rfe8 23. Qf2 Qh5 24. Qxf7+ 1-0

[Event "EU-ch Online U2300 Qual"]
[White "Zasukhin, Vadim Borisovich"]
[Black "Narva, Mai"]
[Site "Chess.com INT"]
[Round "7"]
[Result "1-0"]
[Date "2020.05.25"]
[WhiteElo "2274"]
[BlackElo "2333"]
[PlyCount "111"]
[EventDate "2020.05.25"]
[EventType "swiss"]
[EventRounds "8"]
[EventCountry "NET"]
[SourceTitle "EXT 2021"]
[Source "ChessBase"]
[SourceDate "2020.10.23"]
[SourceVersion "1"]
[SourceVersionDate "2020.10.23"]
[SourceQuality "1"]

1. c4 e5 2. g3 Nf6 3. Bg2 c6 4. d4 e4 5. Nc3 d5 6. Bg5 Be7 7. cxd5 cxd5 8. Qb3 Nc6 9. Bxf6 Bxf6 10. e3 Ne7 11. Nge2 b6 12. Nf4 Bb7 13. Nh5 Qd6 14. Nb5 Qd7 15. Nxf6+ gxf6 16. Rc1 Bc6 17. a4 a6 18. Nc3 b5 19. axb5 axb5 20. 0-0 0-0 21. Na2 Qd6 22. Rc5 Bd7 23. Nb4 Be6 24. Rfc1 Rfc8 25. Bf1 Qb6 26. Rxc8+ Rxc8 27. Rxc8+ Nxc8 28. Nxd5 Qd8 29. Nxf6+ Qxf6 30. Qxb5 Nd6 31. Qb8+ Bc8 32. b4 Kg7 33. b5 Qe7 34. Qb6 Be6 35. Qc5 Qd7 36. b6 f6 37. Ba6 Nb7 38. Qb4 Bh3 39. Bf1 Bxf1 40. Kxf1 Qd6 41. Qb5 Kf7 42. h4 Ke7 43. g4 h6 44. Qf5 Qxb6 45. Qxe4+ Kd8 46. Qg6 Qe6 47. Qxh6 Nd6 48. g5 Qh3+ 49. Ke1 Ne4 50. Qh8+ Ke7 51. Qh7+ Kd6 52. Qxe4 fxg5 53. Qe5+ Kd7 54. hxg5 Qh1+ 55. Kd2 Qb1 56. d5 1-0

[Event "EU-ch Online U2300 Qual"]
[White "Zasukhin, Vadim Borisovich"]
[Black "Volovich, Vasily"]
[Site "Chess.com INT"]
[Round "3"]
[Result "0-1"]
[Date "2020.05.25"]
[WhiteElo "2274"]
[BlackElo "2177"]
[PlyCount "58"]
[EventDate "2020.05.25"]
[EventType "swiss"]
[EventRounds "8"]
[EventCountry "NET"]
[SourceTitle "EXT 2021"]
[Source "ChessBase"]
[SourceDate "2020.10.23"]
[SourceVersion "1"]
[SourceVersionDate "2020.10.23"]
[SourceQuality "1"]

1. Nf3 Nf6 2. g3 g6 3. Bg2 Bg7 4. 0-0 0-0 5. d3 d5 6. Nbd2 c5 7. e4 e6 8. Qe2 Nc6 9. c3 b6 10. Rd1 Ba6 11. exd5 exd5 12. Nf1 Re8 13. Qc2 Qd7 14. Bf4 h6 15. Re1 g5 16. Ne5 Qc7 17. Nxc6 gxf4 18. Qa4 Bxd3 19. Rxe8+ Rxe8 20. Nxa7 fxg3 21. Nxg3 Ra8 22. Nb5 Qc6 23. Qh4 Qxb5 24. b3 Re8 25. Bh3 Bg6 26. Rd1 Qa5 27. c4 Re1+ 28. Rxe1 Qxe1+ 29. Bf1 d4 0-1

[Event "Cheliabinsk Kurnosov Memorial rapid"]
[White "Zasukhin, Vadim Borisovich"]
[Black "Bocharov, Ivan"]
[Site "Cheliabinsk"]
[Round "2"]
[Result "0-1"]
[Date "2019.09.06"]
[WhiteElo "2274"]
[BlackElo "2557"]
[PlyCount "50"]
[EventDate "2019.09.06"]
[EventType "swiss (rapid)"]
[EventRounds "11"]
[EventCountry "RUS"]
[SourceTitle "EXT 2020"]
[Source "ChessBase"]
[SourceDate "2019.10.17"]
[SourceVersion "1"]
[SourceVersionDate "2019.10.17"]
[SourceQuality "1"]

1. e4 c5 2. Nc3 d6 3. d4 cxd4 4. Qxd4 Nc6 5. Qd2 Nf6 6. b3 e6 7. Bb2 Be7 8. 0-0-0 a6 9. f3 0-0 10. g4 Nd7 11. Kb1 b5 12. h4 Nc5 13. g5 b4 14. Nce2 e5 15. Ng3 a5 16. Nf5 Bxf5 17. exf5 a4 18. Bc4 axb3 19. axb3 Qa5 20. Qd5 Qa2+ 21. Kc1 Na5 22. f4 Nxc4 23. Qxc4 Na4 24. Qxb4 Nxb2 25. Re1 Nd3+ 0-1

[Event "Eurasia Cup op"]
[White "Drygalov, Andrey"]
[Black "Zasukhin, Vadim Borisovich"]
[Site "Ekaterinburg"]
[Round "4"]
[Result "1-0"]
[Date "2019.08.03"]
[WhiteElo "2494"]
[BlackElo "2249"]
[PlyCount "91"]
[EventDate "2019.07.31"]
[EventType "swiss"]
[EventRounds "9"]
[EventCountry "RUS"]
[SourceTitle "CBM 191 Extra"]
[Source "ChessBase"]
[SourceDate "2019.09.30"]
[SourceVersion "1"]
[SourceVersionDate "2019.09.30"]
[SourceQuality "1"]

1. e4 d5 2. exd5 Qxd5 3. Nc3 Qd6 4. d4 Nf6 5. Nf3 g6 6. Nb5 Qb6 7. a4 c6 8. a5 Qd8 9. Nc3 Bg7 10. Bc4 0-0 11. h3 Bf5 12. Nh4 Bxc2 13. Qxc2 Qxd4 14. Ra4 e6 15. Nf3 Qd8 16. 0-0 Nbd7 17. Ra1 Nd5 18. Bg5 Qc7 19. Qd2 Ne5 20. Nxe5 Qxe5 21. Rfe1 Qc7 22. Bxd5 cxd5 23. Bh6 Bxh6 24. Qxh6 Rfc8 25. Ra4 Qd7 26. Rd4 f6 27. Qe3 Rc6 28. Rd2 Qc7 29. Ra1 a6 30. h4 Rd8 31. h5 Kg7 32. Ra4 g5 33. f4 h6 34. Rad4 Qf7 35. Qf3 Rc5 36. b4 Rc6 37. f5 exf5 38. Nxd5 Qe6 39. Rd1 Qe5 40. Qf2 Re8 41. Nb6 Re7 42. Nc4 Qe2 43. Qxe2 Rxe2 44. Rd7+ Kf8 45. Rd8+ Kf7 46. Nd6+ 1-0

[Event "Sochi ChessAmateur op10"]
[White "Zasukhin, Vadim Borisovich"]
[Black "Litvinov, Maxim"]
[Site "Sochi"]
[Round "8"]
[Result "1/2-1/2"]
[Date "2018.10.17"]
[WhiteElo "2236"]
[BlackElo "2305"]
[PlyCount "46"]
[EventDate "2018.10.12"]
[EventType "swiss"]
[EventRounds "9"]
[EventCountry "RUS"]
[SourceTitle "CBM 187 Extra"]
[Source "ChessBase"]
[SourceDate "2018.11.04"]
[SourceVersion "1"]
[SourceVersionDate "2018.11.04"]
[SourceQuality "1"]

1. d4 d5 2. c4 e6 3. Nf3 Nf6 4. g3 Bb4+ 5. Bd2 Be7 6. Bg2 0-0 7. 0-0 c6 8. Qc2 Nbd7 9. Bf4 Nh5 10. Be3 Nhf6 11. Rc1 b6 12. cxd5 cxd5 13. Qc6 Ba6 14. Nc3 Qc8 15. Qa4 Qb7 16. Nb5 Bxb5 17. Qxb5 Rac8 18. a4 Rxc1+ 19. Rxc1 Rc8 20. Rxc8+ Qxc8 21. Ne1 Ne8 22. b3 Nd6 23. Qd3 Nf6 1/2-1/2

[Event "Sochi ChessAmateur op10"]
[White "Matsenko, Andrei"]
[Black "Zasukhin, Vadim Borisovich"]
[Site "Sochi"]
[Round "3"]
[Result "1/2-1/2"]
[Date "2018.10.13"]
[WhiteElo "2312"]
[BlackElo "2236"]
[PlyCount "26"]
[EventDate "2018.10.12"]
[EventType "swiss"]
[EventRounds "9"]
[EventCountry "RUS"]
[SourceTitle "CBM 187 Extra"]
[Source "ChessBase"]
[SourceDate "2018.11.04"]
[SourceVersion "1"]
[SourceVersionDate "2018.11.04"]
[SourceQuality "1"]

1. Nf3 Nf6 2. c4 g6 3. b3 Bg7 4. Bb2 0-0 5. g3 c5 6. Bg2 d5 7. cxd5 Nxd5 8. Bxg7 Kxg7 9. 0-0 Nc6 10. d4 cxd4 11. Nxd4 Ndb4 12. Nxc6 Nxc6 13. Qc1 Qd4 1/2-1/2

[Event "RUS-ch Eurasia Cup op"]
[White "Erokhin, Artem"]
[Black "Zasukhin, Vadim Borisovich"]
[Site "Ekaterinburg"]
[Round "9"]
[Result "0-1"]
[Date "2018.08.10"]
[WhiteElo "1806"]
[BlackElo "2252"]
[PlyCount "70"]
[EventDate "2018.08.01"]
[EventType "swiss"]
[EventRounds "9"]
[EventCountry "RUS"]
[SourceTitle "CBM 185 Extra"]
[Source "ChessBase"]
[SourceDate "2018.07.29"]
[SourceVersion "1"]
[SourceVersionDate "2018.07.29"]
[SourceQuality "1"]

1. e4 e6 2. d4 d5 3. Bd3 dxe4 4. Bxe4 Nf6 5. Bf3 c5 6. Ne2 Nc6 7. Be3 Nd5 8. c4 Nxe3 9. fxe3 Be7 10. 0-0 Bg5 11. Bxc6+ bxc6 12. Rf3 Qb6 13. b3 0-0 14. Nbc3 cxd4 15. Qxd4 Rd8 16. Qxb6 axb6 17. a4 e5 18. e4 Be6 19. h3 Rd2 20. Rff1 Be3+ 21. Kh1 Kf8 22. Rfd1 Rad8 23. Rxd2 Bxd2 24. Rd1 Ke7 25. Nb1 Bb4 26. Rxd8 Kxd8 27. Nbc3 Bxc3 28. Nxc3 Kc7 29. Nd1 b5 30. axb5 cxb5 31. cxb5 Bxb3 32. Nc3 Kb6 33. Kg1 Bc4 34. Kf2 Bxb5 35. g3 Bd7 0-1

[Event "Sochi Doroshkevich Amateur op"]
[White "Zasukhin, Vadim Borisovich"]
[Black "Terzi, Alexei"]
[Site "Sochi"]
[Round "6"]
[Result "1/2-1/2"]
[Date "2017.12.25"]
[WhiteElo "2257"]
[BlackElo "2233"]
[PlyCount "174"]
[EventDate "2017.12.21"]
[EventType "swiss"]
[EventRounds "9"]
[EventCountry "RUS"]
[SourceTitle "CBM 182 Extra"]
[Source "ChessBase"]
[SourceDate "2018.02.23"]
[SourceVersion "1"]
[SourceVersionDate "2018.02.23"]
[SourceQuality "1"]

1. d4 Nf6 2. c4 e6 3. g3 d5 4. Nf3 Bb4+ 5. Bd2 Be7 6. Bg2 0-0 7. Qc2 a6 8. 0-0 dxc4 9. Qxc4 b5 10. Qc2 Bb7 11. Rc1 Bd6 12. Ba5 Nc6 13. Be1 Ne7 14. Nbd2 Ng6 15. Nb3 Be4 16. Qd1 Bd5 17. Na5 Qb8 18. b4 Qb6 19. a3 Rad8 20. Qc2 Be4 21. Qb2 Nd7 22. Bc3 Rfe8 23. e3 Bf8 24. Rd1 Bd5 25. Rac1 Qd6 26. Qe2 Nf6 27. Bb2 Qb6 28. Ne1 Bxg2 29. Kxg2 Rd7 30. Nd3 Rc8 31. Qf3 Nd5 32. Rc6 Qa7 33. Nc5 Bxc5 34. Rxc5 Nge7 35. e4 Nb6 36. Ba1 Qa8 37. Kg1 f6 38. Rdc1 Nf5 39. Nc6 Nd6 40. Qg4 Re8 41. d5 exd5 42. exd5 Rf7 43. Qh5 Ndc4 44. Na5 Qd8 45. Nxc4 Nxc4 46. a4 Qd7 47. axb5 axb5 48. Rd1 Rfe7 49. Kg2 Re1 50. Bd4 Rxd1 51. Qxd1 Re7 52. Bc3 Nd6 53. Rc6 Qf5 54. Qf3 Kf7 55. Qxf5 Nxf5 56. g4 Nd6 57. Bd4 Rd7 58. Kf3 Nc4 59. Rc5 Nd6 60. h4 Ke8 61. Be3 Re7 62. Bf4 Kd7 63. h5 h6 64. Bxd6 Kxd6 65. Rxb5 Re5 66. Kf4 Rxd5 67. Rxd5+ Kxd5 68. Kf5 Kc4 69. Kg6 Kxb4 70. Kxg7 c5 71. Kxh6 c4 72. Kg7 c3 73. h6 c2 74. h7 c1Q 75. h8Q Qg5+ 76. Kf8 Qc5+ 77. Kg8 Qd5+ 78. Kg7 Qg5+ 79. Kf7 Qd5+ 80. Kf8 Qc5+ 81. Kg7 Qg5+ 82. Kh7 Qh4+ 83. Kg8 Qxg4+ 84. Qg7 f5 85. Qxg4+ fxg4 86. Kf7 Kc4 87. Ke6 Kd3 1/2-1/2

[Event "Sochi Doroshkevich Amateur op"]
[White "Denishev, Marat"]
[Black "Zasukhin, Vadim Borisovich"]
[Site "Sochi"]
[Round "4"]
[Result "0-1"]
[Date "2017.12.24"]
[WhiteElo "2301"]
[BlackElo "2257"]
[PlyCount "88"]
[EventDate "2017.12.21"]
[EventType "swiss"]
[EventRounds "9"]
[EventCountry "RUS"]
[SourceTitle "CBM 182 Extra"]
[Source "ChessBase"]
[SourceDate "2018.02.23"]
[SourceVersion "1"]
[SourceVersionDate "2018.02.23"]
[SourceQuality "1"]

1. d4 Nf6 2. c4 g6 3. Nc3 Bg7 4. e4 d6 5. Nf3 0-0 6. h3 e5 7. d5 Na6 8. Be3 Nc5 9. Nd2 a5 10. g4 Ne8 11. h4 f5 12. exf5 gxf5 13. g5 e4 14. h5 Qe7 15. h6 Be5 16. Qh5 Nd3+ 17. Bxd3 exd3 18. g6 f4 19. gxh7+ Kh8 20. 0-0-0 fxe3 21. fxe3 Bxc3 22. bxc3 Qe5 23. Qxe5+ dxe5 24. Rhf1 Rxf1 25. Rxf1 Kxh7 26. Nf3 Nd6 27. Nxe5 Bh3 28. Rf3 Re8 29. Nxd3 Bg2 30. Rg3 Bf1 31. Nf4 Kxh6 32. c5 Ne4 33. Rg1 Bc4 34. Rh1+ Kg5 35. Ne6+ Kg4 36. Nxc7 Rc8 37. d6 Nxc5 38. Rd1 Kf3 39. Rd4 Bxa2 40. Kb2 Bg8 41. Nd5 Bxd5 42. Rxd5 b6 43. c4 Rd8 44. Kc3 Kxe3 0-1

[Event "Cheliabinsk Kurnosov Memorial rapid"]
[White "Zasukhin, Vadim Borisovich"]
[Black "Inarkiev, Ernesto"]
[Site "Cheliabinsk"]
[Round "2"]
[Result "0-1"]
[Date "2016.05.26"]
[WhiteElo "2292"]
[BlackElo "2686"]
[PlyCount "56"]
[EventDate "2016.05.26"]
[EventType "swiss (rapid)"]
[EventRounds "11"]
[EventCountry "RUS"]
[SourceTitle "CBM 172 Extra"]
[Source "ChessBase"]
[SourceDate "2016.06.21"]
[SourceVersion "1"]
[SourceVersionDate "2016.06.21"]
[SourceQuality "1"]

1. d4 Nf6 2. c4 e6 3. Nf3 b6 4. g3 Bb7 5. Bg2 Be7 6. Nc3 Ne4 7. Qc2 Nxc3 8. Qxc3 0-0 9. 0-0 c5 10. Rd1 d6 11. dxc5 bxc5 12. Bf4 Qc7 13. Rd2 a5 14. Rad1 Ra6 15. h4 Nd7 16. Ng5 Bxg2 17. Kxg2 h6 18. Nf3 Nf6 19. Rc2 a4 20. Qd3 e5 21. Bxh6 gxh6 22. e4 Qb7 23. Re2 Rb6 24. Rdd2 Ng4 25. Kh3 Qc8 26. Kg2 f5 27. Ne1 f4 28. Kg1 Kh8 0-1

[Event "Urals-ch"]
[White "Zasukhin, Vadim Borisovich"]
[Black "Purtov, Konstantin"]
[Site "Satka"]
[Round "9"]
[Result "0-1"]
[Date "2012.04.01"]
[WhiteElo "2385"]
[BlackElo "2070"]
[PlyCount "94"]
[EventDate "2012.03.24"]
[EventType "swiss"]
[EventRounds "9"]
[EventCountry "RUS"]
[SourceTitle "CBM 147 Extra"]
[Source "ChessBase"]
[SourceDate "2012.04.24"]
[SourceVersion "1"]
[SourceVersionDate "2012.04.24"]
[SourceQuality "1"]

1. e4 e5 2. f4 Bc5 3. Nf3 d6 4. Nc3 Nf6 5. Bc4 0-0 6. d3 c6 7. fxe5 dxe5 8. Rf1 Nbd7 9. Qe2 b5 10. Bb3 a5 11. a4 bxa4 12. Nxa4 Bb4+ 13. Bd2 Rb8 14. Bc4 Ne8 15. c3 Be7 16. Be3 Nd6 17. b3 Nxc4 18. bxc4 c5 19. Kf2 Bb7 20. Kg1 Bc6 21. Qc2 Qc7 22. Rfd1 f5 23. Nd2 Qb7 24. Rdb1 Qa8 25. Rxb8 Rxb8 26. exf5 Bxg2 27. Ne4 Bxe4 28. dxe4 Nf6 29. Bg5 Qa6 30. Qe2 Qc6 31. Bxf6 Bxf6 32. Nb2 a4 33. Nd1 Bg5 34. Qc2 Rd8 35. Qe2 Rd2 36. Qf3 Bf4 37. h3 g6 38. fxg6 Qxg6+ 39. Kf1 Qa6 40. Qg4+ Kh8 41. Ke1 Qxc4 42. Qc8+ Kg7 43. Qg4+ Kf7 44. Qf5+ Ke8 45. Qc8+ Ke7 46. Qc7+ Rd7 47. Qc6 Bg3+ 0-1

[Event "Urals-ch"]
[White "Vyalykh, Anastasiya"]
[Black "Zasukhin, Vadim Borisovich"]
[Site "Satka"]
[Round "8"]
[Result "0-1"]
[Date "2012.03.31"]
[WhiteElo "1769"]
[BlackElo "2385"]
[PlyCount "50"]
[EventDate "2012.03.24"]
[EventType "swiss"]
[EventRounds "9"]
[EventCountry "RUS"]
[SourceTitle "CBM 147 Extra"]
[Source "ChessBase"]
[SourceDate "2012.04.24"]
[SourceVersion "1"]
[SourceVersionDate "2012.04.24"]
[SourceQuality "1"]

1. e4 c5 2. Nf3 e6 3. d4 cxd4 4. Nxd4 Nf6 5. Nc3 Qb6 6. e5 Bc5 7. Be3 Nd5 8. Nxd5 exd5 9. Nb5 Bxe3 10. Nd6+ Ke7 11. Nf5+ Kd8 12. fxe3 Qxb2 13. Qd4 Qxc2 14. Nd6 Nc6 15. Qh4+ Kc7 16. Nb5+ Kb6 17. Be2 a6 18. Nd4 Qe4 19. Qg5 Qxe5 20. Rb1+ Kc7 21. Qh4 Re8 22. Nxc6 dxc6 23. Rb3 d4 24. Rf1 Be6 25. exd4 Qa5+ 0-1